| 000 | 00533nam a2200193Ia 4500 | ||
|---|---|---|---|
| 008 | 131103s9999 xx 000 0 und d | ||
| 020 |
_a8185261601 _cRs.35.00 |
||
| 040 | _aLoreto College | ||
| 041 | _aEnglish | ||
| 082 |
_aCHBKI/SIN _bLCBED/14962 |
||
| 100 | _aSingh, K.C. | ||
| 245 | 4 |
_aThe golden path _cK.C. Singh, S.L.Kaeley and Fr.T.S.Gomes |
|
| 260 |
_aDelhi _bInter University Press _c1996 |
||
| 300 |
_a60p. _c 22cm. |
||
| 650 | _aChildrens Book | ||
| 700 | _aKaeley, S.L. | ||
| 850 | _aLCBED/CHBKI/SIN | ||
| 942 | _cBK | ||
| 999 |
_c38737 _d89216 |
||